000 00471nam a2200145Ia 4500
008 100415s9999 xx 000 0 und d
082 _b7904
100 _aMaharashtra Forest Dept
245 _aNational Parks And Wildlife Sanctures In Maharashtra
260 _aBOMBAY
_c1971
_bMaharashtra Forest Dept
365 _b0
630 _aNational Parks And Wildlife Sanctures In Maharashtra
730 _aNational Parks And Wildlife Sanctures In Maharashtra
942 _cBOOK
999 _c590855
_d590852